Психосоциальная модель профилактики наркомании в студенческой среде: опыт работы психологический службы ТПУ [Томского политехнического университета]; Проблемы профориентации и психологической поддержки населения

Dades bibliogràfiques
Parent link:Проблемы профориентации и психологической поддержки населения.— 2000.— С. 114-116
Altres autors: Иванкина Л. И. Любовь Ивановна, Берестнева О. Г. Ольга Григорьевна, Раточка Л. А., Солодовникова О. М. Ольга Михайловна
Sumari:В фонде НТБ ТПУ отсутствует
Idioma:rus
Publicat: 2000
Matèries:
Format: Capítol de llibre
KOHA link:https://koha.lib.tpu.ru/cgi-bin/koha/opac-detail.pl?biblionumber=599927

MARC

LEADER 00000naa0a2200000 4500
001 599927
005 20250124144610.0
035 |a (RuTPU)RU\TPU\tpu\24082 
035 |a RU\TPU\tpu\21776 
090 |a 599927 
100 |a 20131206d2000 k y0rusy50 ca 
101 0 |a rus 
102 |a RU 
200 1 |a Психосоциальная модель профилактики наркомании в студенческой среде: опыт работы психологический службы ТПУ [Томского политехнического университета]  |f Л. И. Иванкина [и др.] 
333 |a В фонде НТБ ТПУ отсутствует 
463 |t Проблемы профориентации и психологической поддержки населения  |o материалы региональных научно-практических конференций (1999-2000 гг.)  |v С. 114-116  |d 2000 
610 1 |a труды учёных ТПУ 
701 1 |a Иванкина  |b Л. И.  |c специалист в области философии, социологии и психологии образования  |c профессор Томского политехнического университета, доктор философских наук  |f 1956-  |g Любовь Ивановна  |3 (RuTPU)RU\TPU\pers\25426 
701 1 |a Берестнева  |b О. Г.  |c специалист в области информатики и вычислительной техники  |c профессор Томского политехнического университета, доктор технических наук  |f 1953-  |g Ольга Григорьевна  |3 (RuTPU)RU\TPU\pers\24545  |9 10845 
701 1 |a Раточка  |b Л. А. 
701 1 |a Солодовникова  |b О. М.  |c российский психолог  |c ведущий психолог Томского политехнического университета  |g Ольга Михайловна  |3 (RuTPU)RU\TPU\pers\30382 
801 1 |a RU  |b 63413507  |c 20120919 
801 2 |a RU  |b 63413507  |c 20131206  |g RCR 
942 |c BK